<?xml version="1.0" encoding="UTF-8"?>
<record
    xmlns:xsi="http://www.w3.org/2001/XMLSchema-instance"
    xsi:schemaLocation="http://www.loc.gov/MARC21/slim http://www.loc.gov/standards/marcxml/schema/MARC21slim.xsd"
    xmlns="http://www.loc.gov/MARC21/slim">

  <leader>00439nam a22001457a 4500</leader>
  <controlfield tag="003">OSt</controlfield>
  <controlfield tag="005">20150905150425.0</controlfield>
  <controlfield tag="008">150905b        xxu||||| |||| 00| 0 eng d</controlfield>
  <datafield tag="040" ind1=" " ind2=" ">
    <subfield code="c">RUA</subfield>
  </datafield>
  <datafield tag="082" ind1=" " ind2=" ">
    <subfield code="a">AGR &#x179F;&#x17CA;&#x17B9;&#x1798; 1992 B003 Or.1</subfield>
  </datafield>
  <datafield tag="100" ind1=" " ind2=" ">
    <subfield code="9">41</subfield>
    <subfield code="a">&#x179F;&#x17CA;&#x17B9;&#x1798; &#x1790;&#x17B6;&#x179C;&#x17B8;&#x179A;&#x17C8;</subfield>
  </datafield>
  <datafield tag="245" ind1=" " ind2=" ">
    <subfield code="a">&#x178A;&#x17C6;&#x178E;&#x17B6;&#x17C6;&#x179F;&#x178E;&#x17D2;&#x178F;&#x17C2;&#x1780;&#x1794;&#x17B6;&#x1799;&#x1793;&#x17C5;&#x179F;&#x17D2;&#x1790;&#x17B6;&#x1793;&#x17B8;&#x1799;&#x17CD;&#x1780;&#x17D2;&#x1794;&#x17B6;&#x179B;&#x1780;&#x17C4;&#x17C7;</subfield>
  </datafield>
  <datafield tag="300" ind1=" " ind2=" ">
    <subfield code="a">68p.</subfield>
    <subfield code="b">ill.</subfield>
    <subfield code="c">29cm.</subfield>
  </datafield>
  <datafield tag="942" ind1=" " ind2=" ">
    <subfield code="2">ddc</subfield>
    <subfield code="c">AGR</subfield>
  </datafield>
  <datafield tag="999" ind1=" " ind2=" ">
    <subfield code="c">39</subfield>
    <subfield code="d">39</subfield>
  </datafield>
  <datafield tag="952" ind1=" " ind2=" ">
    <subfield code="0">0</subfield>
    <subfield code="1">0</subfield>
    <subfield code="2">ddc</subfield>
    <subfield code="4">0</subfield>
    <subfield code="6">AGR_&#x179F;&#x17B9;&#x1798;_1992_000000000000000_B003_OR_1</subfield>
    <subfield code="7">0</subfield>
    <subfield code="9">136</subfield>
    <subfield code="a">LBB</subfield>
    <subfield code="b">LBB</subfield>
    <subfield code="c">B003</subfield>
    <subfield code="d">2015-09-05</subfield>
    <subfield code="l">1</subfield>
    <subfield code="o">AGR &#x179F;&#x17CA;&#x17B9;&#x1798; 1992 B003 Or.1</subfield>
    <subfield code="p">RUA004531</subfield>
    <subfield code="r">2016-08-19</subfield>
    <subfield code="s">2016-08-16</subfield>
    <subfield code="w">2015-09-05</subfield>
    <subfield code="y">AGR</subfield>
  </datafield>
  <datafield tag="952" ind1=" " ind2=" ">
    <subfield code="0">0</subfield>
    <subfield code="1">0</subfield>
    <subfield code="2">ddc</subfield>
    <subfield code="4">0</subfield>
    <subfield code="6">AGR_&#x179F;&#x17B9;&#x1798;_1992_000000000000000_B003_OR_2</subfield>
    <subfield code="7">0</subfield>
    <subfield code="9">137</subfield>
    <subfield code="a">LBB</subfield>
    <subfield code="b">LBB</subfield>
    <subfield code="c">B003</subfield>
    <subfield code="d">2015-09-05</subfield>
    <subfield code="l">1</subfield>
    <subfield code="o">AGR &#x179F;&#x17CA;&#x17B9;&#x1798; 1992 B003 Or.2</subfield>
    <subfield code="p">RUA004604</subfield>
    <subfield code="r">2017-10-11</subfield>
    <subfield code="s">2017-10-04</subfield>
    <subfield code="w">2015-09-05</subfield>
    <subfield code="y">AGR</subfield>
  </datafield>
  <datafield tag="952" ind1=" " ind2=" ">
    <subfield code="0">0</subfield>
    <subfield code="1">0</subfield>
    <subfield code="2">ddc</subfield>
    <subfield code="4">0</subfield>
    <subfield code="6">AGR_&#x179F;&#x17B9;&#x1798;_1992_000000000000000_B003_OR_3</subfield>
    <subfield code="7">0</subfield>
    <subfield code="9">139</subfield>
    <subfield code="a">LBB</subfield>
    <subfield code="b">LBB</subfield>
    <subfield code="c">B003</subfield>
    <subfield code="d">2015-09-05</subfield>
    <subfield code="o">AGR &#x179F;&#x17CA;&#x17B9;&#x1798; 1992 B003 Or.3</subfield>
    <subfield code="p">RUA004743</subfield>
    <subfield code="r">2015-09-05</subfield>
    <subfield code="w">2015-09-05</subfield>
    <subfield code="y">AGR</subfield>
  </datafield>
  <datafield tag="952" ind1=" " ind2=" ">
    <subfield code="0">0</subfield>
    <subfield code="1">0</subfield>
    <subfield code="2">ddc</subfield>
    <subfield code="4">0</subfield>
    <subfield code="6">AGR_&#x179F;&#x17B9;&#x1798;_1992_000000000000000_B003_OR_4</subfield>
    <subfield code="7">0</subfield>
    <subfield code="9">140</subfield>
    <subfield code="a">LBB</subfield>
    <subfield code="b">LBB</subfield>
    <subfield code="c">B003</subfield>
    <subfield code="d">2015-09-05</subfield>
    <subfield code="l">1</subfield>
    <subfield code="o">AGR &#x179F;&#x17CA;&#x17B9;&#x1798; 1992 B003 Or.4</subfield>
    <subfield code="p">RUA004955</subfield>
    <subfield code="r">2016-11-18</subfield>
    <subfield code="s">2016-10-31</subfield>
    <subfield code="w">2015-09-05</subfield>
    <subfield code="y">AGR</subfield>
  </datafield>
  <datafield tag="952" ind1=" " ind2=" ">
    <subfield code="0">0</subfield>
    <subfield code="1">0</subfield>
    <subfield code="2">ddc</subfield>
    <subfield code="4">0</subfield>
    <subfield code="6">AGR_&#x179F;&#x17B9;&#x1798;_1992_000000000000000_B003_OR_5</subfield>
    <subfield code="7">0</subfield>
    <subfield code="9">141</subfield>
    <subfield code="a">LBB</subfield>
    <subfield code="b">LBB</subfield>
    <subfield code="c">B003</subfield>
    <subfield code="d">2015-09-05</subfield>
    <subfield code="o">AGR &#x179F;&#x17CA;&#x17B9;&#x1798; 1992 B003 Or.5</subfield>
    <subfield code="p">RUA004879</subfield>
    <subfield code="r">2015-09-05</subfield>
    <subfield code="w">2015-09-05</subfield>
    <subfield code="y">AGR</subfield>
  </datafield>
  <datafield tag="952" ind1=" " ind2=" ">
    <subfield code="0">0</subfield>
    <subfield code="1">0</subfield>
    <subfield code="2">ddc</subfield>
    <subfield code="4">0</subfield>
    <subfield code="6">AGR_&#x179F;&#x17B9;&#x1798;_1992_000000000000000_B003_OR_6</subfield>
    <subfield code="7">0</subfield>
    <subfield code="9">142</subfield>
    <subfield code="a">LBB</subfield>
    <subfield code="b">LBB</subfield>
    <subfield code="c">B003</subfield>
    <subfield code="d">2015-09-05</subfield>
    <subfield code="o">AGR &#x179F;&#x17CA;&#x17B9;&#x1798; 1992 B003 Or.6</subfield>
    <subfield code="p">RUA004815</subfield>
    <subfield code="r">2015-09-05</subfield>
    <subfield code="w">2015-09-05</subfield>
    <subfield code="y">AGR</subfield>
  </datafield>
  <datafield tag="952" ind1=" " ind2=" ">
    <subfield code="0">0</subfield>
    <subfield code="1">0</subfield>
    <subfield code="2">ddc</subfield>
    <subfield code="4">0</subfield>
    <subfield code="6">AGR_&#x179F;&#x17B9;&#x1798;_1992_000000000000000_B003_OR_7</subfield>
    <subfield code="7">0</subfield>
    <subfield code="9">143</subfield>
    <subfield code="a">LBB</subfield>
    <subfield code="b">LBB</subfield>
    <subfield code="c">B003</subfield>
    <subfield code="d">2015-09-05</subfield>
    <subfield code="l">1</subfield>
    <subfield code="o">AGR &#x179F;&#x17CA;&#x17B9;&#x1798; 1992 B003 Or.7</subfield>
    <subfield code="p">RUA004883</subfield>
    <subfield code="r">2016-08-05</subfield>
    <subfield code="s">2016-07-05</subfield>
    <subfield code="w">2015-09-05</subfield>
    <subfield code="y">AGR</subfield>
  </datafield>
  <datafield tag="952" ind1=" " ind2=" ">
    <subfield code="0">0</subfield>
    <subfield code="1">0</subfield>
    <subfield code="2">ddc</subfield>
    <subfield code="4">0</subfield>
    <subfield code="6">AGR_&#x179F;&#x17B9;&#x1798;_1992_000000000000000_B003_OR_8</subfield>
    <subfield code="7">0</subfield>
    <subfield code="9">144</subfield>
    <subfield code="a">LBB</subfield>
    <subfield code="b">LBB</subfield>
    <subfield code="c">B003</subfield>
    <subfield code="d">2015-09-05</subfield>
    <subfield code="o">AGR &#x179F;&#x17CA;&#x17B9;&#x1798; 1992 B003 Or.8</subfield>
    <subfield code="p">RUA004897</subfield>
    <subfield code="r">2015-09-05</subfield>
    <subfield code="w">2015-09-05</subfield>
    <subfield code="y">AGR</subfield>
  </datafield>
  <datafield tag="952" ind1=" " ind2=" ">
    <subfield code="0">0</subfield>
    <subfield code="1">0</subfield>
    <subfield code="2">ddc</subfield>
    <subfield code="4">0</subfield>
    <subfield code="6">AGR_&#x179F;&#x17B9;&#x1798;_1992_000000000000000_B003_OR_9</subfield>
    <subfield code="7">0</subfield>
    <subfield code="9">145</subfield>
    <subfield code="a">LBB</subfield>
    <subfield code="b">LBB</subfield>
    <subfield code="c">B003</subfield>
    <subfield code="d">2015-09-05</subfield>
    <subfield code="o">AGR &#x179F;&#x17CA;&#x17B9;&#x1798; 1992 B003 Or.9</subfield>
    <subfield code="p">RUA004953</subfield>
    <subfield code="r">2015-09-05</subfield>
    <subfield code="w">2015-09-05</subfield>
    <subfield code="y">AGR</subfield>
  </datafield>
  <datafield tag="952" ind1=" " ind2=" ">
    <subfield code="0">0</subfield>
    <subfield code="1">0</subfield>
    <subfield code="2">ddc</subfield>
    <subfield code="4">0</subfield>
    <subfield code="6">AGR_&#x179F;&#x17B9;&#x1798;_1992_000000000000000_B003_OR_10</subfield>
    <subfield code="7">0</subfield>
    <subfield code="9">146</subfield>
    <subfield code="a">LBB</subfield>
    <subfield code="b">LBB</subfield>
    <subfield code="d">2015-09-05</subfield>
    <subfield code="l">1</subfield>
    <subfield code="o">AGR &#x179F;&#x17CA;&#x17B9;&#x1798; 1992 B003 Or.10</subfield>
    <subfield code="p">RUA004959</subfield>
    <subfield code="r">2019-08-09</subfield>
    <subfield code="s">2016-08-16</subfield>
    <subfield code="w">2015-09-05</subfield>
    <subfield code="y">AGR</subfield>
  </datafield>
</record>
